Vida, pasión y muerte del mexicano : notas de costumbrismo /

محفوظ في:
التفاصيل البيبلوغرافية
المؤلف الرئيسي: Peñalosa, Joaquín Antonio (autor)
التنسيق: كتاب
اللغة:الإسبانية
منشور في: México : Jus, 1977, c1973
الطبعة:15a edición
الموضوعات:
الوسوم: إضافة وسم
لا توجد وسوم, كن أول من يضع وسما على هذه التسجيلة!

MARC

LEADER 00000nam^a2200000^a^4500
001 000435881
005 20250526000000.0
009 20260310123141.828
037 |a Acervo ITESO - Biblioteca 
041 |a ESP 
082 |a 306. 40972  |b PEÑ 
100 |a Peñalosa, Joaquín Antonio  |e (autor) 
245 1 0 |a Vida, pasión y muerte del mexicano :  |b notas de costumbrismo /  |c J.A. Peñalosa. 
250 |a 15a edición 
264 4 |a México :  |b Jus,  |c 1977, c1973 
300 |a 165 p. ;  |c 19.0 cm. 
336 |a texto  |b txt  |2 rdacontenido 
337 |a sin mediación  |b n  |2 rdamedio 
338 |a volumen  |b nc  |2 rdasoporte 
545 0 |a Joaquín Antonio Peñalosa (1922-1999), escritor y religioso mexicano, nacido San Luis Potosí, con estudios de posgrado en letras; fue colaborador de las revistas Señal, Abside, Familia Cristiana y Letras Potosinas. Fue miembro del Seminario de Cultura Mexicana y de la Academia Mexicana de la Lengua. Autor polifacético, mantuvo una columna periodística diaria en El Sol de México, a la vez que también publicó poesía (mucha de ella, religiosa), investigaciones sobre la historia de México y lo mexicano, así como ediciones críticas de poetas mexicanos; en todos los géneros, hizo gala de su sabiduría, expresada con elegancia en un estilo ameno, salpicado de humor y alegría. Se le considera un renovador de la poesía católica del siglo XX por su forma ágil, informal y juguetona de abordar lo sacro; en general, su poesía presta atención amorosa a lo más pequeño de la naturaleza, representándolo con sencillez a través de una viva imaginación. Entre sus obras tenemos: Pájaros de la tarde (1948); Canciones litúrgicas (1948); Ejercicios para las bestezuelas de Dios (1951); Francisco González Bocanegra; su vida y obra (1954); Diego José Abad, poeta castellano (1955); Siete poemas (1959); Sonetos desde la esperanza (1961); Un minuto de silencio (1966) en el que se incluyen libros de poesía publicados anteriormente; Pasión y muerte de un mexicano (1973); El ángel y el prostíbulo (1975) y Humor con agua bendita (1977). 
561 |a Dedicatoria con la leyenda: Al Sr. Lic. Alfonso de Alba, con mi admiración al hombre de letras y al hombe de gobierno. Cordialmente. Joaquín Antonio Peñalosa, San Luis Potosí, abril de 1978 
649 |a XX 
650 |a Humor -  |z México 
650 |a Identidad Cultural -  |z México 
650 |a Identidad Nacional -  |z México 
650 |a Nacionalismo -  |z México 
650 |a Muerte (En Religión, Folklore, etc.) -  |z México 
650 |a Religión -  |z México 
650 |a Familia -  |z México 
650 |a Vida Privada -  |z México 
650 |a Educación -  |z México 
650 |a Prácticas Culturales -  |z México 
650 |a Sociología de la Cultura 
910 |a Fondo Alfonso de Alba Martín 
920 |a Impresos - Libros 
930 |a Libros Antiguos y Raros 
905 |a 125 
901 |a 0500357155  |b IT2  |c LRA  |i D96821  |u 20250526 
902 |a https://opac.biblio.iteso.mx/vufind/Record/000435881